| 000 | 00568nam a2200193Ia 4500 | ||
|---|---|---|---|
| 999 |
_c54514 _d54514 |
||
| 003 | GCL | ||
| 005 | 20240530105255.0 | ||
| 008 | 140319s9999 xx 000 0 ara d | ||
| 040 |
_aGCL / _cGCL |
||
| 082 | 0 | 4 |
_a142.3 _bع ن |
| 100 | 1 | _aكنط , عمانوئيل | |
| 245 | 1 | 0 |
_aنقد العقل المحض / _cعمانوئيل كنط |
| 260 |
_a[S.N] : _bمركز الانماء القومى ، _c1988 |
||
| 300 | _a415 | ||
| 650 | 0 | 4 | _aالفلسفة الغربية |
| 650 | 0 | 4 | _aالفلسفة النقدية |
| 700 | 1 | _aموسى وهبة | |
| 942 |
_2ddc _cBK |
||